| 000 | 00399pab a2200157 454500 | ||
|---|---|---|---|
| 008 | 180718b2005 xxu||||| |||| 00| 0 eng d | ||
| 100 | _aDuranton, Gilles | ||
| 245 | _aFrom sectoral to functional urban specialisation | ||
| 260 | _c2005 | ||
| 300 | _ap.343-70. | ||
| 362 | _aMar | ||
| 650 | _aUrban development | ||
| 700 | _aPuga, Diego | ||
| 773 | _aJournal of Urban Economics | ||
| 909 | _a66529 | ||
| 999 |
_c66529 _d66529 |
||